Merawat masalah anak [

Bibliographic Details
Main Author: Mohd Zawawi Yusoh
Format: Book
Published: Kuala Lumpur : Telaga Biru Sdn Bhd , 2005
Subjects:

MARC

LEADER 00000cam a2200000 7i4500
001 0000134058
005 20090729.0
090 0 0 |a 297.577   |b MOH 
100 0 |a Mohd Zawawi Yusoh   |f Ustaz 
245 1 0 |a Merawat masalah anak [  |h cd audio]   |c Ustaz Mohd Zawawi Yusoh 
260 |a Kuala Lumpur :   |b Telaga Biru Sdn Bhd ,   |c 2005 
300 |a 1 CD audio (53 minutes) 
500 |a Library has 1 copy 
650 0 0 |a Child rearing   |x Religious aspects   |x Islam 
999 |a AV 24035   |b CD AUDIO   |c PINJAMAN   |e PERPUSTAKAAN KOMUNITI PETALING JAYA